Sinh hoạt lý luận.
Wedi'i Gadw mewn:
| Fformat: | Cyfresol |
|---|---|
| Iaith: | Vietnamese |
| Cyhoeddwyd: |
Đà Nẵng :
Học viện chính trị - hành chính khu vực III.
|
| Pynciau: | |
| Tagiau: |
Ychwanegu Tag
Dim Tagiau, Byddwch y cyntaf i dagio'r cofnod hwn!
|
| Thư viện lưu trữ: | Mạng thư viện Đại học Đà Nẵng |
|---|
| LEADER | 00766cas a2200301 a 4500 | ||
|---|---|---|---|
| 001 | 000043233 | ||
| 003 | 1108 | ||
| 005 | 20160810145243.0 | ||
| 008 | 110823b vm 000 vie | ||
| 022 | |a 0868-3247 | ||
| 040 | |a LIRC |c LIRC |d LIRC | ||
| 041 | 0 | |a vie | |
| 082 | 0 | 4 | |a 320.05 |b Si-H |
| 245 | 0 | 0 | |a Sinh hoạt lý luận. |
| 260 | |a Đà Nẵng : |b Học viện chính trị - hành chính khu vực III. | ||
| 300 | |c 27 cm. | ||
| 321 | |a 2 tháng 1 kỳ. | ||
| 630 | 0 | 4 | |a Chính trị. |
| 650 | 0 | 4 | |a Chính trị |x Lý luận |v Tạp chí. |
| OWN | |a DUT | ||
| 999 | |a From the UDN01 | ||
| TYP | |a Printed language | ||
| 980 | |a Mạng thư viện Đại học Đà Nẵng | ||